000 00687nam a2200289Ia 4500
005 20260324111644.0
008 008 260324s9999 xx 000 0 eng d
020 _a9781003335658
037 _aEBOOK
040 _aCRL
040 _beng
040 _cCRL
041 _2eng
041 _aeng
084 _qCRL
100 _aRichard Alfred
_91139463
245 0 _aLeading Organizations in Hazardous Times
245 4 _bThe Social Dynamics of Risk
260 _bTaylor and Francis
260 _c2025
365 _a
365 _b195
856 _uhttp://www.taylorfrancis.com/books/9781003335658
942 _cEBOOK
999 _c1728356
_d1728356